Odpowiedź zaczyna się na literę A - Statystyki

Ogólne statystyki
  • Ten quiz został rozwiązany 94 razy
  • Średni wynik to 4 z 5
Statystyki odpowiedzi
Hint Odpowiedź % Poprawnych
Najmniejsza cząsteczka Atom
94%
Polska kiedyś została podzielona na 3części po jednej zabrały:Niemcy,ZSRR,...... Austria
92%
Największy kraj w Afryce Algieria
88%
Ten kraj ma czarnego ptaka na czerwonym tle Albania
83%
Inaczej mówiąc mapa można powiedzieć... Atlas
78%
Nie znaleziono quizów pasujących do podanych kryteriów
Rozkład punktacji
Procent ludzi z każdym wynikiem
Percentyl według liczby udzielonych odpowiedzi
Twoja historia wyników
Nie rozwiązałeś tego quizu